| 000 | 01008nam a2200217Ia 4500 | ||
|---|---|---|---|
| 003 | Ost | ||
| 005 | 20260507074939.0 | ||
| 008 | 260507s9999||||xx |||||||||||||| ||und|| | ||
| 020 | _a9789957499044 | ||
| 040 | _cfsecg | ||
| 041 | _aara | ||
| 082 | _a380.1 | ||
| 100 |
_aعبوي، زيد منير _eمؤلف |
||
| 245 | 0 |
_aنظم المعلومات التسويقية / _c زيد منير عبوي |
|
| 260 |
_aعمان: _bدار الراية للنشر و التوزيع, _c2008 |
||
| 300 |
_a238 صفحة؛ _c24 سم |
||
| 520 | _aيتناول هذا الكتاب نظم المعلومات التسويقية /مبادئ التسويق /مهارات الاتصال و التسويق/ماهية التسويق /إدارة مورد المعلومات /نظام المعلومات التسويقية و الادارية/نحو نظم معلومات تسويقية حديثة | ||
| 653 | _aالتسويق | ||
| 653 | _aنظم المعلومات- المؤسسة الممتدة | ||
| 942 | _cكتاب | ||
| 999 |
_c41914 _d41914 |
||